[Event "ipca2019"]
[Site "?"]
[Date "2019.06.28"]
[Round "1.20"]
[White "Wollner, Bohus"]
[Black "Jurkiewicz, Krzysztof"]
[Result "0-1"]
[BlackElo "2007"]
[WhiteElo "1222"]
[LiveChessVersion "1.4.8"]

1. d4 {[%clk 1:30:48]} Nf6 {[%clk 1:30:53]} 2. c4 {[%clk 1:30:44]} g6
{[%clk 1:31:19]} 3. Nc3 {[%clk 1:30:36]} Bg7 {[%clk 1:31:44]} 4. e4
{[%clk 1:29:35]} d6 {[%clk 1:32:09]} 5. Nf3 {[%clk 1:28:02]} O-O {[%clk 1:32:33]}
6. Bg5 {[%clk 1:28:16]} c5 {[%clk 1:32:22]} 7. d5 {[%clk 1:24:11]} a6
{[%clk 1:31:53]} 8. Bxf6 {[%clk 1:22:33]} Bxf6 {[%clk 1:31:56]} 9. Be2
{[%clk 1:22:18]} e6 {[%clk 1:31:08]} 10. O-O {[%clk 1:22:07]} exd5
{[%clk 1:30:58]} 11. exd5 {[%clk 1:22:05]} Bf5 {[%clk 1:30:12]} 12. h3
{[%clk 1:19:34]} Qd7 13. Bd3 g5 14. Bxf5 {[%clk 1:13:39]} Qxf5 {[%clk 1:23:22]}
15. Re1 {[%clk 1:12:44]} g4 {[%clk 1:13:22]} 16. hxg4 {[%clk 1:11:34]} Qxg4
{[%clk 1:13:46]} 17. Ne4 {[%clk 1:11:31]} Bg7 {[%clk 1:03:08]} 18. Qd3
{[%clk 1:09:46]} Qg6 {[%clk 0:59:29]} 19. Rab1 {[%clk 1:04:17]} Nd7
{[%clk 0:56:54]} 20. Kf1 {[%clk 1:00:07]} Rfe8 {[%clk 0:56:41]} 21. Nfd2
{[%clk 0:59:47]} Ne5 {[%clk 0:56:13]} 22. Qc2 {[%clk 0:56:48]} Ng4
{[%clk 0:54:35]} 23. Kg1 {[%clk 0:44:00]} Bd4 {[%clk 0:53:30]} 0-1